| 000 | 00371cam a2200145ua 4500 | ||
|---|---|---|---|
| 041 |
_aeng _h |
||
| 082 |
_a840 _bMAS/CO |
||
| 100 | _aMason, Germaine . | ||
| 245 |
_aConcise Survey of French Literature / _cGermaine Mason. _hTextual Documents |
||
| 260 |
_aLondon : _bArthan Barken Ltd , _c1959. |
||
| 300 | _a344 ; . | ||
| 504 | _a | ||
| 942 | _cBK | ||
| 999 |
_c3121 _d3121 |
||